000 00315nam a2200133Ia 4500
005 20260328104345.0
008 260328s9999||||xx |||||||||||||| ||und||
100 _aPadura, Leonardo
245 0 _aPasado Perfecto /
_cLeonardo Padura
260 _bTusquets
300 _a232 p.
650 _aNOVELAS
942 _cBK
999 _c12292
_d12292